000
00323nam a22001457a 4500
008
230208b ||||| |||| 00| 0 eng d
020
_a
9781259570469
041
_a
eng
080
_2
SECOND EDITION
_a
51
082
_a
51MIL
100
_a
20
101
_a
MATEM
245
_a
COLLEGE ALGEBRA
_c
MILLER.J
942
_2
udc
_c
BK
999
_c
59333
_d
59333